| 000 | 00337nam a2200133Ia 4500 | ||
|---|---|---|---|
| 008 | 191201s2012 xx 000 0 und d | ||
| 100 | _aBALI, N P | ||
| 245 | 0 | _aTextbook of Engineering Mathematics Ist Sem. | |
| 250 | _a8th | ||
| 260 |
_c2012 _bLaxmi Publications _aDelhi |
||
| 300 | _a501 | ||
| 650 | _aAPPLIED 1ST SEM | ||
| 942 |
_2ddc _cBB |
||
| 999 |
_c7446 _d7446 |
||